00692 2200265 4500001002100000005001700021008004100038035002400079082001200103090001900115100002700134245005200161260002600213300001900239440002600258500003100284500001100315650002100326850001500347980001300362985000600375999001500381999001500396999001500411YOGYA-0209000003281720090227024722.0 ind  0010-020900000032817 a344.046 a344.046bHar H aHARJASUMANTRI, Kusnadi aHukum Tata LingkungancKoesnadi Hardjasoemantri aYogyakartabUGMc1983 a520 hlmc22 cm aSeri Hukum Lingkungan aBibliografi : hlm. 329-391 aIndeks aHukum Lingkungan aYOPDYOG(B) a25-01-07 a3 a06A0014034 a06A0014035 a06A0014036